Kanye West Knowledge Quiz - Statistics

General Stats
  • This quiz has been taken 51 times
    27 since last reset
  • The average score is 9 of 15
Answer Stats
Hint Answer % Correct
Year he debuted 2004
100%
Album named after hismother Donda
95%
Artist he made "Watch the Throne" with Jay-Z
95%
His Debut Album The College Dropout
95%
His most popular Album Graduation
90%
Collab Album With Kid cudi Kids see ghosts
85%
Album that came out in 2016 The Life of Pablo
80%
Year that 808´s andHeartbreak released 2008
65%
His own Label GOOD Music
50%
Number of Collab-Albums Four
45%
2018 Single featuring Lil Pump i love it
45%
His most streamed song onSpotify (August 2025) Heartless
30%
2006 Album containingLive versions of his songs Late Orchestration
30%
Number of Songs with over1 Billion streams (August 25) Eleven
20%
2012 Album featuring various artists from that label GOOD Music-Cruel Summer
5%
No matching quizzes found
Score Distribution
Percent of People with Each Score
Percentile by Number Answered
Your Score History
You have not taken this quiz since the last reset